00377 2200157 4500001002100000005001500021008004100036035001900077041000700096082000800103090001400111100001500125245002700140260003000167300002200197INLIS00000000001783820241224115404241224||||||||| | ||| |||| || |  0010-1224017838 aid0 a813 a813 SET t0 aA.SETIAWAN00aTsunami pantai selatan aBandungbCV.Rinjanic2007 avii+85hlm;14x20cm